[Event "RC Sport Open"]
[Site "Ceska Trebova CZE"]
[Date "2007.08.15"]
[Round "7"]
[White "Hagarova,Z"]
[Black "Cvek,R"]
[Result "1/2-1/2"]
[WhiteElo "2389"]
[BlackElo "2548"]

1.e4 e6 2.d4 d5 3.Nc3 Bb4 4.e5 b6 5.Qg4 Bf8 6.Bg5 Qd7 7.h4 h5 8.Qf3 Ba6 9.Bxa6 Nxa6
10.Qe2 Nb8 11.Nf3 Bb4 12.O-O Bxc3 13.bxc3 Qa4 14.Nd2 Nc6 15.c4 Nxd4 16.Qd3 c5
17.cxd5 exd5 18.c3 Qb5 19.c4 Qd7 20.cxd5 Qxd5 21.Nb3 Nh6 22.Nxd4 Qxd4 23.Qf3 O-O
24.Bxh6 gxh6 25.Qxh5 Rfe8 26.Rfe1 Rad8 27.Rad1 Qc3 28.Qg4+ Kf8 29.Qf4 Rxd1
30.Qxh6+ Kg8 31.Rxd1 Qxe5 32.Rd3 Re6 33.Rd8+ Re8 34.Rd3 Re6 35.Rd8+ Re8 36.Rd3  1/2-1/2

[Event "Romanian Open"]
[Site "Predeal ROM"]
[Date "2007.08.15"]
[Round "6"]
[White "Onischuk,V"]
[Black "Nguyen Chi Minh"]
[Result "0-1"]
[WhiteElo "2506"]
[BlackElo "2377"]

1.e4 e6 2.d4 d5 3.Nc3 Bb4 4.e5 Ne7 5.a3 Bxc3+ 6.bxc3 c5 7.Qg4 O-O 8.Bd3 Nbc6
9.Nf3 f5 10.Qg3 Qa5 11.Bd2 Qa4 12.dxc5 Ng6 13.Kf1 b6 14.cxb6 axb6 15.Kg1 Qg4
16.Re1 Rxa3 17.h4 h5 18.Qxg4 hxg4 19.h5 gxf3 20.hxg6 Ba6 21.Bc1 Ra4 22.gxf3 Ne7
23.Kf1 Nxg6 24.Rg1 Kf7 25.Be3 Bxd3+ 26.cxd3 Nxe5 27.Rb1 f4 28.Bd4 Rxd4 29.cxd4 Nxf3
30.Rxb6 Nxg1 31.Kxg1 Ra8 32.Kg2 Ra4 33.Kf3 Rxd4 34.Ke2 Ra4 35.Kf3 Kf6 36.Rb8 Ke5
37.Rg8 Ra3 38.Ke2 Ra2+ 39.Kf3 Rd2 40.Rxg7 Rxd3+ 41.Kg4 Rd1 42.Rg5+ Kf6 43.Rh5 e5
44.Rh6+ Kg7 45.Rd6 d4 46.Kf5 Re1 47.f3 Kf7 48.Rd7+ Ke8 49.Ra7 Kd8 50.Ke6 Kc8
51.Ra5 Kc7 52.Rc5+ Kb6 53.Rc2 Kb5 54.Kd5 Kb4 55.Rc8 d3  0-1

[Event "X Open"]
[Site "Banyoles ESP"]
[Date "2007.08.17"]
[Round "2"]
[White "Fluvia,J"]
[Black "Vilar Lopez,M"]
[Result "1/2-1/2"]
[WhiteElo "2497"]
[BlackElo "2179"]

1.e4 e6 2.d4 d5 3.Nc3 Bb4 4.e5 Ne7 5.a3 Bxc3+ 6.bxc3 c5 7.Qg4 O-O 8.Bd3 Nbc6
9.Qh5 Ng6 10.Nf3 Nce7 11.dxc5 Qa5 12.Bd2 Qxc5 13.O-O Bd7 14.Rab1 Qc7 15.Rb4 Nf5
16.g4 Nfe7 17.Ng5 h6 18.Nf3 Nc6 19.Bxh6 Ncxe5 20.Nxe5 Qxe5 21.Bxg6 Qxh5 22.Bxh5 gxh6
23.Rxb7 Bc6 24.Rc7 Bb5 25.Rb1 a6 26.h4 Kg7 27.a4 Bxa4 28.Rbb7 Be8 29.g5 hxg5
30.hxg5 a5 31.g6 Kh6 32.gxf7 Kxh5 33.fxe8=Q+ Rfxe8 34.Rg7 Rg8 35.Rxg8 Rxg8+
36.Kf1 Ra8 37.Rb6 a4 38.Rxe6 a3 39.Re1 Kg4 40.Ra1  1/2-1/2

[Event "Dato Arthur Tan Malaysian Op"]
[Site "Kuala Lumpur MAS"]
[Date "2007.08.22"]
[Round "6"]
[White "Lim Kian Hwa"]
[Black "Constance,J"]
[Result "0-1"]
[WhiteElo "2062"]
[BlackElo "2205"]

1.e4 e6 2.d4 d5 3.Nc3 Bb4 4.e5 b6 5.f4 c6 6.Bd2 Qd7 7.Nge2 Ba6 8.g4 h5 9.gxh5 Rxh5
10.Ng3 Rh4 11.Nce2 Be7 12.Bg2 Rh8 13.O-O g6 14.h3 Nh6 15.Rf3 c5 16.c3 Nc6
17.Be3 Rc8 18.Qd2 cxd4 19.Nxd4 Na5 20.b3 Nb7 21.f5 Nxf5 22.Ngxf5 gxf5 23.b4 Bc4
24.Re1 Rg8 25.Kh2 Qa4 26.Nxf5 exf5 27.Rxf5 Nd8 28.Bxd5 Bxd5 29.Qxd5 Qc2+
30.Rf2 Qxc3 31.Rfe2 Qc6 32.Qd3 Rh8 33.Bf4 Qc4 34.Qf5 Qe6 35.Qd3 Rc4 36.Re4 Rxe4
37.Rxe4 Qxa2+ 38.Re2 Qa4 39.Rd2 Qxb4 40.Qd7+ Kf8 41.Rf2 Qc3 42.Bg3 Qc6 43.Qxa7 Qe6
44.Rf3 Qxh3+ 45.Kg1 Bc5+  0-1

[Event "ch-Euro IBCA"]
[Site "Durham ENG"]
[Date "2007.08.23"]
[Round "9"]
[White "Draghici,G"]
[Black "Nizam,R"]
[Result "1-0"]
[WhiteElo "2107"]
[BlackElo "2244"]

1.e4 e6 2.d4 d5 3.Nc3 Bb4 4.e5 Ne7 5.a3 Bxc3+ 6.bxc3 c5 7.Nf3 Nbc6 8.a4 Qa5
9.Bd2 c4 10.Be2 h6 11.O-O Bd7 12.Ne1 O-O-O 13.f4 f6 14.Nf3 Rdf8 15.Qc1 fxe5
16.Nxe5 Nxe5 17.fxe5 Rxf1+ 18.Qxf1 Qd8 19.Qf7 Qf8 20.Rf1 Qxf7 21.Rxf7 Nf5
22.Bf3 Be8 23.Rxf5 exf5 24.Bxd5 Bxa4 25.Be6+ Kc7 26.d5 Re8 27.Bxf5 Rxe5 28.Bf4 Kd6
29.Be4 Be8 30.Kf2 g5 31.Bg3 h5 32.h4 gxh4 33.Bf4 a5 34.Ke3 Bg6 35.Kd4 Bxe4
36.Bxe5+ Kd7 37.Kxe4 a4 38.Bf4 a3 39.Bc1 a2 40.Bb2 Kd6 41.Kd4 b5 42.Ba1  1-0

[Event "15th Open"]
[Site "Nikea GRE"]
[Date "2007.08.24"]
[Round "2"]
[White "Vlahos,E"]
[Black "Westerinen,H"]
[Result "1/2-1/2"]
[WhiteElo "2041"]
[BlackElo "2385"]

1.e4 e6 2.d4 d5 3.Nc3 Bb4 4.e5 Ne7 5.a3 Bxc3+ 6.bxc3 b6 7.Qg4 Ng6 8.h4 h5
9.Qg3 Ba6 10.Ne2 Qd7 11.Nf4 Nxf4 12.Bxf4 g6 13.Bxa6 Nxa6 14.a4 Nb8 15.a5 b5
16.Qd3 Qc6 17.O-O Qc4 18.Rfb1 Qxd3 19.cxd3 a6 20.Bc1 Nd7 21.Ba3 Rc8 22.c4 c6
23.cxb5 axb5 24.a6 Ra8 25.Bd6 Nb6 26.a7 Nc8 27.Bb8 Ne7 28.Ra6 O-O 29.Bd6 Rfe8
30.Bxe7 Rxe7 31.Rxc6 Rexa7 32.Rxb5 Ra3 33.Rc7 Rxd3 34.Rbb7 Rf8 35.Rb4  1/2-1/2

[Event "XXII Open"]
[Site "Parla ESP"]
[Date "2007.09.07"]
[Round "7"]
[White "Perez Gonzalez,J"]
[Black "Lozano Cortijo,M"]
[Result "1/2-1/2"]
[WhiteElo "2297"]
[BlackElo "2173"]

1.e4 e6 2.d4 d5 3.Nc3 Bb4 4.e5 Qd7 5.Bd2 b6 6.Nce2 Bxd2+ 7.Qxd2 Ba6 8.Nf3 Ne7
9.g3 c5 10.c3 Nbc6 11.Nf4 Bxf1 12.Kxf1 cxd4 13.cxd4 Rc8 14.Nh5 Rg8 15.Kg2 h6
16.Rhc1 Kd8 17.b4 Rc7 18.Rc3 Nb8 19.Rac1 Rxc3 20.Qxc3 Qb7 21.b5 Nd7 22.Nf4 g5
23.Nd3 g4 24.Nh4 Ng6 25.Nxg6 Rxg6 26.Nb4 Nb8 27.a4 f6 28.Qd3 f5 29.Nc6+ Ke8
30.Qa3 Rg7 31.Nxa7 Rc7 32.Rxc7 Qxc7 33.Nc6 Nxc6 34.Qc1 Kd7 35.bxc6+ Qxc6
36.Qxh6 Qxa4 37.Qg7+ Kd8 38.Qf6+ Kc7 39.Qxe6 Qxd4 40.Qf7+ Kc6 41.Qe8+ Kc7
42.Qf7+  1/2-1/2

[Event "3rd Geller mem Open A"]
[Site "Odessa UKR"]
[Date "2007.09.09"]
[Round "2"]
[White "Didenko,Sergei"]
[Black "Borsuk,K"]
[Result "1-0"]
[WhiteElo "2130"]
[BlackElo "2293"]

1.e4 e6 2.d4 d5 3.Nc3 Bb4 4.e5 Ne7 5.a3 Bxc3+ 6.bxc3 c5 7.Qg4 O-O 8.Bd3 Nbc6
9.Bg5 Qa5 10.Ne2 cxd4 11.O-O dxc3 12.f4 Ng6 13.Qh5 Qc5+ 14.Kh1 Nce7 15.Rf3 h6
16.Bxh6 gxh6 17.Qxh6 f5 18.exf6 Rxf6 19.Ng3 Qd4 20.Nh5 Rf5 21.Bxf5 exf5 22.Rg3 Kf7
23.Qh7+ Ke6 24.Rxg6+ Nxg6 25.Qxg6+ Kd7 26.Nf6+ Kc7 27.Ne8+ Kd8 28.Re1 Bd7
29.Qd6 Qb6 30.Qf8 Qc6 31.Ng7+  1-0

[Event "ch-Africa Men"]
[Site "Windhoek NAM"]
[Date "2007.09.09"]
[Round "9"]
[White "Andrade,I"]
[Black "Abdel Razik,K"]
[Result "0-1"]
[WhiteElo "2134"]
[BlackElo "2372"]

1.e4 e6 2.d4 d5 3.Nc3 Bb4 4.e5 Ne7 5.a3 Bxc3+ 6.bxc3 c5 7.Qg4 Qc7 8.Qxg7 Rg8
9.Qxh7 cxd4 10.Ne2 Nbc6 11.f4 Bd7 12.Qd3 dxc3 13.Nxc3 Nf5 14.Nb5 Qd8 15.Rb1 a6
16.Nd6+ Nxd6 17.exd6 Bc8 18.Qh7 Rf8 19.Bd3 Qa5+ 20.Kd1 Qc5 21.Qg7 Bd7 22.Rxb7 Na5
23.Rb1 Qxd6 24.Bd2 Nc6 25.f5 Qxa3 26.Bh6 O-O-O 27.Ra1 Qb4 28.Bxa6+ Kc7 29.Qg3+ e5
30.Bxf8 Qd4+ 31.Ke2 Bxf5 32.Bd3 Bg4+ 33.Kd2 Rxf8 34.c3 Qf4+ 35.Qxf4 exf4
36.Rhf1 Be6 37.Rxf4 Rb8 38.Rb1 Ra8 39.Rb2 Ne5 40.Be2 Rh8 41.h3 Rg8 42.g4 Rh8
43.Bf1 Ra8 44.Rfb4 Kd6 45.Rb7 Ra1 46.Rb1 Ra2+ 47.R7b2 Ra8 48.Ke3 Ra3 49.Rc1 Ra4
50.Rb4 Ra2 51.Be2 Ng6 52.Rcb1 Ke5 53.Rh1 Nh4 54.g5 Nf5+ 55.Kd3 Rc2  0-1

[Event "3rd Geller mem Open A"]
[Site "Odessa UKR"]
[Date "2007.09.10"]
[Round "3"]
[White "Petrova,Ly"]
[Black "Aliferenko,A"]
[Result "0-1"]
[WhiteElo "2129"]
[BlackElo "2256"]

1.e4 e6 2.d4 d5 3.Nc3 Bb4 4.e5 Qd7 5.a3 Bf8 6.Nf3 b6 7.Bb5 c6 8.Ba4 Ba6 9.Ne2 Bb5
10.Bb3 Bc4 11.c3 Bxb3 12.Qxb3 Ne7 13.Ng3 Na6 14.O-O Nc7 15.Be3 Nf5 16.Nxf5 exf5
17.c4 Ne6 18.Rac1 Be7 19.Qa4 g5 20.Kh1 Rd8 21.Rfd1 h5 22.Bd2 h4 23.Bb4 h3
24.Bxe7 hxg2+ 25.Kxg2 Kxe7 26.cxd5 cxd5 27.Qb4+ Ke8 28.Rc2 g4 29.Ne1 a5 30.Qxb6 Qe7
31.Qb5+ Kf8 32.Qf1 Nf4+ 33.Kh1 Rh3 34.Qg1 Kg7 35.Ng2 Qg5 36.Nxf4 Qxf4 37.Rc3 Rxc3  0-1

[Event "3rd Geller mem Open A"]
[Site "Odessa UKR"]
[Date "2007.09.10"]
[Round "3"]
[White "Zdebskaja,N"]
[Black "Mihajlovskij,S"]
[Result "0-1"]
[WhiteElo "2303"]
[BlackElo "2491"]

1.e4 e6 2.d4 d5 3.Nc3 Bb4 4.e5 Qd7 5.Ne2 b6 6.a3 Bf8 7.Nf4 Ba6 8.Bxa6 Nxa6
9.Qd3 Nb8 10.O-O Ne7 11.b4 a6 12.Bd2 Qc6 13.a4 Ng6 14.Nh5 Qc4 15.Qxc4 dxc4
16.Nd1 Nc6 17.c3 Rd8 18.Bg5 Rb8 19.Ne3 h6 20.Bf4 b5 21.axb5 axb5 22.Ra6 Nce7
23.Rfa1 c6 24.Bg3 Kd7 25.f4 Rb7 26.Bf2 Kc7 27.g4 Nc8 28.f5 Nge7 29.Bh4 g5
30.fxg6 Nxg6 31.Bg3 Be7 32.Rf1 Rf8 33.Nf6 Bxf6 34.Rxf6 Nb6 35.h4 Kd7 36.h5 Ne7
37.Rxh6 Ned5 38.Nxd5 Nxd5 39.Be1 Rg8 40.Kf2 Rxg4 41.Ra8 Kc7 42.Rhh8 Kb6 43.h6 f5
44.h7 Rh4 45.Rae8 Rhxh7 46.Rhg8 Rhe7 47.Rd8 Ra7 48.Rd6 Ra3 49.Rc8 Rc7 50.Rb8+ Rb7
51.Rc8 Rc7 52.Rb8+ Ka7 53.Rdd8 Rb3 54.Ra8+ Kb6 55.Re8 Nxc3 56.Bxc3 Rxc3 57.Rxe6 Rd3
58.Rd6 c3 59.Ra1 Rh7 60.Kg2 f4 61.Rg6 Rxd4 62.Re1 Re7 63.e6 Rxb4 64.Rf6 Rc4
65.Rf7 Rxe6  0-1

[Event "3rd Geller mem Open A"]
[Site "Odessa UKR"]
[Date "2007.09.10"]
[Round "3"]
[White "Andrenko,I"]
[Black "Kruglyakov,P"]
[Result "0-1"]
[WhiteElo "2108"]
[BlackElo "2336"]

1.e4 e6 2.d4 d5 3.Nc3 Bb4 4.e5 Ne7 5.a3 Bxc3+ 6.bxc3 c5 7.Qg4 O-O 8.Bd3 Nbc6
9.Qh5 Ng6 10.Nf3 Qc7 11.O-O c4 12.Bxg6 fxg6 13.Qh3 Qa5 14.Bd2 Bd7 15.Ng5 h6
16.Nf3 Rf7 17.Qg4 Ne7 18.Nh4 g5 19.Nf3 Raf8 20.h4 Rf4 21.Bxf4 Rxf4 22.Qg3 Nf5
23.Qh2 Rxf3 24.gxf3 Nxh4 25.Qg3 Qxc3 26.f4 Qxd4 27.fxg5 Nf5 28.c3 Nxg3 29.cxd4 Ne2+
30.Kg2 Nxd4 31.gxh6 gxh6 32.Rh1 Kg7 33.f4 Nf5 34.Kf2 d4 35.Rac1 c3 36.Rhd1 Ba4
37.Rxd4 Nxd4 38.Rxc3 Bc6 39.a4 Nf5 40.a5 a6 41.Rd3 h5 42.Kg1 h4 43.Kh2 Kf7
44.Rd8 Kg6 45.Rg8+ Kh5 46.Kh3 Bb5 47.Kg2 Ne3+ 48.Kf3 Nf5 49.Kg2 Ne7 50.Rb8 Kg4
51.Kf2 Bc6 52.Rf8 Nf5 53.Rf6 Bd5  0-1

[Event "3rd Geller mem Open A"]
[Site "Odessa UKR"]
[Date "2007.09.12"]
[Round "5"]
[White "Firman,N"]
[Black "Kruglyakov,P"]
[Result "1-0"]
[WhiteElo "2517"]
[BlackElo "2336"]

1.e4 e6 2.d4 d5 3.Nc3 Bb4 4.e5 Ne7 5.a3 Bxc3+ 6.bxc3 c5 7.Nf3 Qc7 8.Bd3 b6
9.O-O Ba6 10.Bxa6 Nxa6 11.Qd3 Nb8 12.dxc5 bxc5 13.c4 dxc4 14.Qxc4 Nd7 15.Re1 Rd8
16.Bg5 h6 17.Bxe7 Kxe7 18.Qh4+ g5 19.Qh5 Rdg8 20.Rad1 Rg6 21.Rd6 Rb8 22.Red1 Nb6
23.Nd2 Kf8 24.Ne4 Nc4 25.Rd7 Qxe5 26.Qe2 Nb6 27.Rxa7 Rg7 28.Qb5 Qxe4 29.Qxb6 Qe1+
30.Rxe1 Rxb6 31.Ra8+ Ke7 32.a4 Rb2 33.Ra1 Rg6 34.a5 e5 35.a6 Rgb6 36.Kf1 Rb1+
37.Rxb1 Rxb1+ 38.Ke2 Ra1 39.Kd3 Ra4 40.a7 Kf6 41.g4 Kg7 42.Kc3 c4 43.Kd2 Ra3
44.Ke2 Kh7 45.h3 Kg7 46.Kd2 Kh7 47.Re8 Rxa7 48.Rxe5 Kg6 49.Re3 h5 50.Rc3 hxg4
51.hxg4 Rc7 52.Rf3 Ra7 53.Rf5 Ra3 54.c3 f6 55.Rc5 Ra4 56.Rc7 Ra2+ 57.Ke3 Rc2
58.Rxc4 Kf7 59.Rc6 Ke7 60.f3 Rc1 61.c4 Re1+ 62.Kd4 Rf1 63.Ke4 Kf7 64.Rc5 Ke6
65.Rf5 Rd1 66.Rd5 Rf1 67.Rd3 Rc1 68.Kd4 Kd6 69.Ra3 Rd1+ 70.Ke4 Rc1 71.Kf5 Rxc4
72.Kxf6 Rc5 73.Rd3+ Kc7 74.Ke6 Rc6+ 75.Ke5 Rg6 76.f4 gxf4 77.Kxf4 Rg8 78.g5 Rd8
79.Rxd8 Kxd8 80.Kf5  1-0

[Event "KNSB TCh-NED 2007-8"]
[Site "Netherlands NED"]
[Date "2007.09.15"]
[Round "1"]
[White "Ondersteijn,N"]
[Black "Vedder,H"]
[Result "0-1"]
[WhiteElo "2272"]
[BlackElo "2362"]

1.e4 e6 2.d4 d5 3.Nc3 Bb4 4.e5 Ne7 5.a3 Bxc3+ 6.bxc3 b6 7.Qg4 Nf5 8.Bd3 h5
9.Qh3 Qd7 10.Ne2 Ba6 11.O-O Bxd3 12.cxd3 Nc6 13.Bg5 Nfe7 14.a4 O-O-O 15.c4 Rde8
16.Bxe7 Rxe7 17.Rfc1 Kb8 18.c5 f6 19.exf6 gxf6 20.cxb6 axb6 21.Rcb1 Na5 22.Qf3 Rf7
23.Nf4 h4 24.Qe3 Re8 25.Qd2 Kc8 26.Rb5 Rg7 27.Rc1 Qd6 28.Qe3 Ree7 29.Re1 Nc6
30.Rc1 Rg4 31.g3 hxg3 32.fxg3 Kd7 33.Re1 Qxf4 34.Qxf4 Rxf4 35.gxf4 Nxd4 36.Kf2 Nxb5
37.axb5 Rh7 38.Rh1 Rh5 39.h4 d4 40.Kf3 f5 41.Kg3 Kd6 42.Rc1 Rh7 43.Rc6+ Kd5
44.h5 e5 45.fxe5 Kxe5 46.h6 f4+ 47.Kg4 Rf7 48.Kf3 Kf5 49.Rc4 Rd7 50.Ra4 Rd6
51.h7 Rh6 52.Rxd4 Rh3+ 53.Kf2 Rxh7 54.Rd8 Ke5 55.Kf3 Rh3+ 56.Kg2 Rg3+ 57.Kf2 Ke6
58.Rd4 Rg5 59.Rb4 Rd5 60.d4 Rh5 61.Kf3 Kf5 62.Rc4 Rh3+ 63.Kg2 Rb3 64.Rxc7 Ke4
65.Re7+ Kxd4 66.Re6 Rxb5 67.Kf3 Kd5 68.Rh6 Rb4 69.Rh5+ Kc6 70.Rf5 Rd4  0-1

[Event "17th Senior WCh"]
[Site "Gmunden AUT"]
[Date "2007.09.24"]
[Round "7"]
[White "Rujevic,M"]
[Black "Viner,P"]
[Result "1/2-1/2"]
[WhiteElo "2287"]
[BlackElo "2175"]

1.e4 e6 2.d4 d5 3.Nc3 Bb4 4.e5 b6 5.Qg4 g6 6.Bd2 h5 7.Qh3 Ba6 8.Bxa6 Nxa6
9.Qd3 Qc8 10.Nf3 Be7 11.a3 c6 12.h3 Nc7 13.Ng5 Qd8 14.Nf3 Qd7 15.Ne2 Bf8
16.c4 Ne7 17.Rc1 Bg7 18.Bg5 Rc8 19.Ng3 Nf5 20.Nxf5 gxf5 21.O-O Bh6 22.c5 Bxg5
23.Nxg5 b5 24.Qd2 Qe7 25.h4 Kd7 26.Rfe1 Ra8 27.Qa5 Rhg8 28.Rc3 Rg7 29.Rg3 Qf8
30.Qc3 a5 31.Qf3 Qh8 32.Nh3 Rg4 33.Nf4 Qh6  1/2-1/2

[Event "3rd Arctic Cup"]
[Site "Salekhard RUS"]
[Date "2007.10.09"]
[Round "2"]
[White "Mitura,K"]
[Black "Stepanov,Niki"]
[Result "1/2-1/2"]
[WhiteElo "2010"]
[BlackElo "1632"]

1.e4 e6 2.d4 d5 3.Nc3 Bb4 4.e5 Ne7 5.a3 Bxc3+ 6.bxc3 b6 7.Nf3 Ba6 8.Bxa6 Nxa6
9.Qd3 Nb8 10.O-O Nbc6 11.c4 dxc4 12.Qxc4 Qd7 13.Bb2 O-O-O 14.Qd3 h6 15.c4 g5
16.Qe4 Kb8 17.Rfd1 Rhg8 18.Bc3 h5 19.a4 g4 20.Nh4 a5 21.g3 Ka7 22.Rd2 Nb8
23.Qe3 Qc6 24.Bb2 Na6 25.Qb3 Nc5 26.Qc2 Ne4 27.Rdd1 Ng5 28.Qb3 Nh3+ 29.Kf1 Qh1+
30.Ke2 Qe4+ 31.Kf1 Qh1+ 32.Ke2 Qe4+ 33.Kf1 Qh1+ 34.Ke2 Qe4+  1/2-1/2

[Event "3rd Arctic Cup"]
[Site "Salekhard RUS"]
[Date "2007.10.11"]
[Round "4"]
[White "Tan,Jo NED"]
[Black "Stepanov,Niki"]
[Result "0-1"]
[WhiteElo "2138"]
[BlackElo "1632"]

1.e4 e6 2.d4 d5 3.Nc3 Bb4 4.e5 Ne7 5.Qg4 Kf8 6.Nf3 b6 7.h4 h5 8.Qf4 Ng6 9.Qg3 Ba6
10.Bxa6 Nxa6 11.O-O c5 12.Nb5 cxd4 13.Nbxd4 Qe8 14.Ng5 Bc5 15.Be3 Nb8 16.c4 Bxd4
17.Bxd4 Nc6 18.Rad1 dxc4 19.Ne4 Nce7 20.Nd6 Nf5 21.Qf3 Nxd6 22.exd6 Rd8 23.Qc3 e5
24.Rfe1 f6 25.Qb4 Qe6 26.Bc3 Kf7 27.Re4 Rd7 28.Rxc4 Rhd8 29.Rc6 Nf4 30.Qc4 Qxc4
31.Rxc4 Ke6 32.Bb4 a5 33.Ba3 b5 34.Rxf4 exf4 35.Bc5 Rc8 36.b4 axb4 37.Bxb4 Rc4
38.a3 Rxb4 39.axb4 Rxd6 40.Re1+ Kf5 41.Rc1 Rd5 42.f3 Kg6 43.Rb1 Rd4 44.Rb2 Kf7
45.Kf2 g5 46.g3 fxg3+ 47.Kxg3 Rxh4  0-1

[Event "WJun Girls"]
[Site "Yerevan ARM"]
[Date "2007.10.11"]
[Round "8"]
[White "Arutyunova,D"]
[Black "Abrahamyan,T"]
[Result "1/2-1/2"]
[WhiteElo "2256"]
[BlackElo "2246"]

1.e4 e6 2.d4 d5 3.Nc3 Bb4 4.e5 Ne7 5.a3 Bxc3+ 6.bxc3 c5 7.Qg4 O-O 8.Bd3 Nbc6
9.Qh5 Ng6 10.Nf3 Qc7 11.Be3 Nce7 12.h4 Nf5 13.g4 Nxe3 14.fxe3 cxd4 15.O-O f6
16.exf6 Qg3+ 17.Kh1 Rxf6 18.Ng5 Qxh4+ 19.Qxh4 Nxh4 20.Bxh7+ Kh8 21.cxd4 Bd7
22.Bd3 Raf8 23.Kh2 Nf3+ 24.Nxf3 Rxf3 25.Rxf3 Rxf3 26.Kg2 Rf8 27.Kg3 Kg8 28.a4 g5
29.a5 e5 30.dxe5 Re8 31.Bf5 Bxf5 32.gxf5 Rxe5 33.Kg4 Rxe3 34.Kxg5 Rg3+ 35.Kf6 Rc3
36.Rb1 Rc7 37.Ke6 d4 38.a6 b6 39.Rb4 Rc6+ 40.Ke7 Rc7+ 41.Ke6 Rc6+ 42.Ke5 Rc5+
43.Kf6 Rc6+ 44.Kg5 b5 45.Rxb5 Rxa6 46.Rb8+ Kf7 47.Rb7+ Kf8 48.Rc7 Ke8 49.Kf4 Kf8
50.Ke4 Ra5 51.f6 Ra1 52.Kxd4 a5 53.Ra7 a4 54.Kc5 a3 55.c4 a2 56.f7 Kg7 57.Ra3 Kxf7
58.Rf3+ Ke6 59.Rf2  1/2-1/2

[Event "WJun Girls"]
[Site "Yerevan ARM"]
[Date "2007.10.13"]
[Round "10"]
[White "Padmini,R"]
[Black "Abrahamyan,T"]
[Result "1-0"]
[WhiteElo "2226"]
[BlackElo "2246"]

1.e4 e6 2.d4 d5 3.Nc3 Bb4 4.e5 Ne7 5.a3 Bxc3+ 6.bxc3 c5 7.Nf3 Nbc6 8.a4 Qa5
9.Bd2 Bd7 10.Bd3 c4 11.Be2 f6 12.O-O Ng6 13.Re1 Qc7 14.Bf1 O-O 15.exf6 Rxf6
16.g3 Raf8 17.Bg2 h6 18.Qe2 Kh8 19.h4 Nge7 20.Rf1 Be8 21.Ne5 Ng6 22.Ng4 Rf5
23.Qxe6 Nge7 24.Qe1 Bg6 25.Ne3 Rf3 26.Qe2 Be4 27.Kh2 Ng6 28.Kg1 Nge7 29.Rae1 Nf5
30.Nxf5 R8xf5 31.Qd1 Qf7 32.Re3 Rxf2 33.Rxf2 Rxf2 34.Bxe4 dxe4 35.Qe1 Rf3
36.Rxe4 Qg6 37.Bf4 Rxc3 38.h5  1-0

[Event "WJun Girls"]
[Site "Yerevan ARM"]
[Date "2007.10.16"]
[Round "13"]
[White "Rudolf,An"]
[Black "Abrahamyan,T"]
[Result "1/2-1/2"]
[WhiteElo "2273"]
[BlackElo "2246"]

1.e4 e6 2.d4 d5 3.Nc3 Bb4 4.e5 Ne7 5.a3 Bxc3+ 6.bxc3 O-O 7.Bd3 f5 8.exf6 Rxf6
9.Bg5 Rf7 10.Qh5 g6 11.Qd1 c5 12.Nf3 Nbc6 13.h4 c4 14.Be2 Qa5 15.Qd2 Nf5
16.Bf4 Nfxd4 17.cxd4 Rxf4 18.c3 Rf7 19.h5 gxh5 20.Ng5 Rg7 21.Bxh5 e5 22.dxe5 Nxe5
23.O-O Qd8 24.f4 Nd3 25.Rab1 h6 26.Nf7 Rxf7 27.Bxf7+ Kxf7 28.f5 Qg5 29.Qe2 b6
30.Rb5 Nc5 31.Qe5 Bb7 32.Rxc5 bxc5 33.Qe6+ Kf8 34.f6 Re8 35.Qd6+ Kf7 36.Qd7+ Kf8
37.f7 Rd8 38.Qxb7 Qe7 39.Qc6 Qd6 40.Qa4 Rd7 41.Rf6 Qxf6 42.Qxd7 Qxf7 43.Qc8+ Kg7
44.Qxc5 Kg6 45.Qd4 Qe6 46.Qd2 Qe4 47.a4 a6 48.a5 Qb1+ 49.Kf2 Qb5 50.Qe3 Kf5
51.Qf3+ Ke6 52.Qe3+ Kd7 53.Qa7+ Kd6 54.Qg7 Qxa5 55.Qxh6+ Kc5 56.Qe3+ Kd6
57.Qf4+ Kc6 58.Qf6+ Kd7 59.g4 Qd8 60.Qxa6 Qh4+ 61.Kf3 Qh1+ 62.Kf4 Qe4+ 63.Kg5 Qe5+
64.Kg6 Qe6+ 65.Qxe6+ Kxe6 66.g5 d4 67.Kh7 dxc3 68.g6 c2 69.g7 c1=Q 70.g8=Q+ Kd6
71.Qd8+ Kc5 72.Qc7+ Kd4 73.Qd6+ Kc3 74.Qe5+ Kc2 75.Qf5+ Kb2 76.Qb5+ Kc3 77.Qe5+ Kb4
78.Qb8+ Ka3 79.Qa7+ Kb2 80.Qb6+ Ka2 81.Qa6+ Kb1 82.Qb5+  1/2-1/2

[Event "IV Veterans"]
[Site "Calvia ESP"]
[Date "2007.10.19"]
[Round "5"]
[White "Brinck Claussen,B"]
[Black "Gonzalez Rodriguez,JA"]
[Result "0-1"]
[WhiteElo "2326"]
[BlackElo "2405"]

1.e4 e6 2.d4 d5 3.Nc3 Bb4 4.e5 b6 5.Qg4 Bf8 6.Bg5 Qd7 7.Bb5 c6 8.Ba4 a5 9.Bb3 Ba6
10.O-O-O h6 11.Bh4 Ne7 12.Bxe7 Qxe7 13.f4 g6 14.Qf3 h5 15.Nh3 Nd7 16.Nf2 b5
17.a4 Nb6 18.Nd3 Qa7 19.Rhe1 Nc4 20.Nf2 Bb4 21.h3 h4 22.Ng4 O-O-O 23.axb5 cxb5
24.Bxc4 bxc4 25.Qe3 Bb7 26.Kd2 Bc6 27.Ra1 Qb6 28.Ra2 Rd7 29.Rea1 Ra7 30.Ke2 Be7
31.Nh2 Kc7 32.Nf3 Rha8 33.Qf2 a4 34.Qe3 Qb8 35.Nd1 Rb7 36.Ng5 Be8 37.Kf3 Qa7
38.Kg4 Qa5 39.Kxh4 Bb4 40.c3 Be7 41.Kg4 Rab8 42.Qc1 a3 43.bxa3 Ba4 44.Ne3 Rb3
45.Nd1 Bxg5 46.Kxg5 R3b7 47.Ne3 Kd7 48.Kg4 Rb3 49.Nd1 Qb6 50.Ne3 Qa5 51.Nd1 R3b5
52.Ne3 R8b7 53.Kg3 Rb3 54.Nd1 Qb6 55.Ne3 Qd8 56.Rf2 Qb8 57.Ng4 Rb1 58.Rxb1 Rxb1
59.Qe3 Qb3 60.Nh6 Rd1 61.Rf3 Rd3 62.Qe1 Ke8 63.Ng4 Rd1 64.Qe3 Rd3 65.Qe1 Qb2
66.Nf2 Rd2 67.Re3 Rc2 68.Kf3 Rc1 69.Qe2 Qxa3 70.Qd2 Rc2 71.Qe1 Qb2 72.g4 Rc1
73.Qe2 Qb1 74.Kg3 Rg1+ 75.Kh4 g5+  0-1

[Event "ch-Euro Blitz"]
[Site "Ajaccio FRA"]
[Date "2007.10.25"]
[Round "18"]
[White "Landa,K"]
[Black "Bauer,Ch"]
[Result "1-0"]
[WhiteElo "2678"]
[BlackElo "2634"]

1.e4 e6 2.d4 d5 3.Nc3 Bb4 4.e5 Ne7 5.a3 Bxc3+ 6.bxc3 b6 7.Qg4 Ng6 8.h4 h5
9.Qd1 Qd7 10.Bd3 Ba6 11.Ne2 Bxd3 12.cxd3 c5 13.Ng3 Rh7 14.Nxh5 Nc6 15.Be3 c4
16.Nf4 Nxf4 17.Bxf4 O-O-O 18.g3 Na5 19.Kf1 Kb7 20.Kg2 Rc8 21.h5 Rhh8 22.dxc4 Rxc4
23.Qg4 Rxc3 24.Bd2 Rcc8 25.Bxa5 bxa5 26.Qxg7 Rcg8 27.Qf6 Rh7 28.h6 Rg6 29.Qf4 Ka8
30.Rac1 a4 31.Rc5 Rh8 32.h7 Rg7 33.Qc1 Rgxh7 34.Rxh7 Rxh7 35.Rc7 Qb5 36.Re7 Rh8
37.Qc7 Qb6 38.Qd7 Rb8 39.Rxf7 Qa6 40.Re7 Qb6 41.Rxe6 Qb7 42.Qxb7+ Kxb7 43.Rd6 Rc8
44.Rxd5 Rc3 45.e6  1-0

[Event "Open"]
[Site "Liberec CZE"]
[Date "2007.11.14"]
[Round "5"]
[White "Johansson,Th2"]
[Black "Natsidis,C"]
[Result "1/2-1/2"]
[WhiteElo "2147"]
[BlackElo "2256"]

1.e4 e6 2.d4 d5 3.Nc3 Bb4 4.e5 Ne7 5.a3 Bxc3+ 6.bxc3 c5 7.Qg4 O-O 8.Bd3 Qc7
9.Nf3 cxd4 10.O-O Qxc3 11.Bd2 Qc7 12.Bb4 h6 13.Bd6 Qd7 14.Nxd4 Nbc6 15.Rfe1 f5
16.Qh4 Ng6 17.Qg3 Nxd4 18.Qxg6 Re8 19.Rab1 b6 20.Rb4 Nc6 21.Rh4 Qf7 22.Qg3 Kh8
23.Bb5 Bb7 24.Bb4 a6 25.Bxc6 Bxc6 26.Bd2 Kh7 27.Qh3 Qf8 28.Re3 Ra7 29.Rg3 d4
30.Rg5 f4 31.Qd3+ Kh8 32.Bxf4 Rf7 33.Rgg4 Rf5 34.Qh3 Kh7  1/2-1/2

[Event "WYb16"]
[Site "Kemer TUR"]
[Date "2007.11.20"]
[Round "3"]
[White "Shankland,S"]
[Black "Martinovic,Sa"]
[Result "1/2-1/2"]
[WhiteElo "2201"]
[BlackElo "2362"]

1.e4 e6 2.d4 d5 3.Nc3 Bb4 4.e5 Ne7 5.a3 Bxc3+ 6.bxc3 c5 7.a4 Qa5 8.Qd2 Nbc6
9.Nf3 f6 10.Ba3 fxe5 11.Bxc5 e4 12.Ng1 O-O 13.Bb5 Qc7 14.Ne2 Rf6 15.O-O b6
16.Ba3 Na5 17.Ng3 Nf5 18.Be2 Bd7 19.Bc1 Rc8 20.Ba6 Rcf8 21.Qe1 Nc4 22.Nh5 g6
23.f3 Ncd6 24.Bf4 Qd8 25.Ng3 Bc6 26.fxe4 Nxe4 27.Bd3 Nfxg3 28.hxg3  1/2-1/2

[Event "WYb18"]
[Site "Kemer TUR"]
[Date "2007.11.21"]
[Round "4"]
[White "Grigoryan,Av"]
[Black "Pruijssers,R"]
[Result "1/2-1/2"]
[WhiteElo "2489"]
[BlackElo "2408"]

1.e4 e6 2.d4 d5 3.Nc3 Bb4 4.e5 Ne7 5.a3 Bxc3+ 6.bxc3 c5 7.Qg4 O-O 8.Bd3 Nbc6
9.Qh5 Ng6 10.Nf3 Qc7 11.Be3 c4 12.Bxg6 fxg6 13.Qg4 Qf7 14.Ng5 Qe8 15.h4 Bd7
16.Nh3 Ne7 17.Nf4 h6 18.Qe2 b5 19.g4 a5 20.h5 g5 21.Nh3 b4 22.axb4 axb4 23.Rxa8 Qxa8
24.cxb4 Qa1+ 25.Qd1 Qc3+ 26.Qd2 Qa1+  1/2-1/2

[Event "WYb14"]
[Site "Kemer TUR"]
[Date "2007.11.22"]
[Round "5"]
[White "Baghdasaryan,V"]
[Black "Sipahioglu,I"]
[Result "1-0"]
[WhiteElo "2137"]
[BlackElo "1955"]

1.e4 e6 2.d4 d5 3.Nc3 Bb4 4.e5 Ne7 5.a3 Bxc3+ 6.bxc3 b6 7.Qg4 Ng6 8.h4 h5
9.Qd1 Ba6 10.Bg5 Qd7 11.g4 Bxf1 12.Kxf1 Nc6 13.gxh5 Nge7 14.Nf3 O-O-O 15.Nd2 Rdf8
16.Qe2 Nf5 17.h6 Nxh6 18.Qa6+ Kb8 19.Nb3 Ka8 20.a4 Nf5 21.a5 Nb8 22.Qd3 b5
23.Nc5 Qe8 24.a6 c6 25.h5 Nd7 26.Nxd7 Qxd7 27.Qf3 Rb8 28.Ke2 Qc8 29.Ra2 Rb6
30.Rha1 Qb8 31.Kd2 Rh7 32.Ra3 Qh8 33.Rh1 Qf8 34.Ra5 Qc8 35.Rha1 Rb8 36.R5a2 Rh8
37.Ra3 Rb6 38.R3a2 Qc7 39.Ke1 Qc8 40.Kd2 Qc7 41.Ke1 Rbb8 42.Kd2 Rbf8 43.Bf4 Rh7
44.Rh1 Rfh8 45.Raa1 Qc8 46.Be3 Qg8 47.c4 Qc8 48.h6 gxh6 49.Rhb1 h5 50.c3 bxc4
51.Rb7 h4 52.Qd1 h3 53.Qg4 Nxe3 54.Rab1 Nf1+ 55.Ke1 Qxb7 56.axb7+ Kb8 57.Ra1  1-0

[Event "WYb18"]
[Site "Kemer TUR"]
[Date "2007.11.22"]
[Round "6"]
[White "Tomczak,J"]
[Black "Kasyan,A"]
[Result "1-0"]
[WhiteElo "2443"]
[BlackElo "2318"]

1.e4 e6 2.d4 d5 3.Nc3 Bb4 4.e5 Ne7 5.a3 Bxc3+ 6.bxc3 c5 7.h4 Qa5 8.Bd2 c4
9.h5 h6 10.Rh4 Nbc6 11.Rf4 Bd7 12.Qf3 O-O-O 13.Rxf7 Nf5 14.g4 Be8 15.Rxf5 exf5
16.gxf5 Qc7 17.Ne2 Qf7 18.Nf4 Ne7 19.Bh3 Kb8 20.Ne6 Rc8 21.Ke2 Rc6 22.Nd8 Qxh5
23.Bg4  1-0

[Event "TCh-HUN 2007-8"]
[Site "Budapest HUN"]
[Date "2007.11.25"]
[Round "3"]
[White "Domany,Z"]
[Black "Kiss,Ju"]
[Result "1-0"]
[WhiteElo "2193"]
[BlackElo "2112"]

1.e4 e6 2.d4 d5 3.Nc3 Bb4 4.e5 Ne7 5.Bd2 c5 6.Nb5 Bxd2+ 7.Qxd2 O-O 8.dxc5 Nd7
9.Qe3 Ng6 10.Nf3 a6 11.Nd6 Qc7 12.h4 Qxc5 13.Qxc5 Nxc5 14.h5 Ne7 15.h6 g6
16.O-O-O b6 17.Rh4 Ra7 18.Nd4 Rc7 19.f4 Bd7 20.Rh3 b5 21.Kb1 b4 22.c3 Rb8
23.cxb4 Rxb4 24.Rc3 Nf5 25.Nb3 Rxf4 26.Nxf5 Ba4 27.Nfd4 f6 28.Rdc1 Bxb3 29.Nxb3 Nxb3
30.Rxc7 Nxc1 31.Rxc1 fxe5 32.g3 Rf3 33.Bxa6 Rxg3 34.Bc8 Kf7 35.Rc7+ Kf6 36.Rxh7 d4
37.Rd7 d3 38.Kc1 e4 39.h7 Rh3 40.Rd6 Rxh7 41.Rxe6+ Kg5 42.Rxe4 Rc7+ 43.Kd2 Rxc8
44.Kxd3 Kf5 45.a4 g5 46.a5 g4 47.Re1 g3 48.b4 Kf4 49.a6 g2 50.b5 Kf3 51.a7 Kf2
52.Re2+ Kf1 53.Rxg2 Kxg2 54.b6 Ra8 55.Ke4 Kf2 56.Kd5 Ke3 57.Kc6 Rh8 58.b7 Rh6+
59.Kd5 Rh5+ 60.Kc4  1-0